NBA Players at the 2024 Paris Olympics - Statistics

General Stats
  • This quiz has been taken 153 times
    98 since last reset
  • The average score is 28 of 49
Answer Stats
Country NBA Team Answer % Correct
Greece Milwaukee Bucks Giannis Antetokounmpo
93%
United States Phoenix Suns Kevin Durant
90%
United States Los Angeles Lakers Lebron James
90%
United States Golden State Warriors Stephen Curry
90%
United States Los Angeles Lakers Anthony Davis
87%
United States Minnesota Timberwolves Anthony Edwards
87%
United States Boston Celtics Jayson Tatum
87%
United States Philadelphia 76ers Joel Embiid
86%
United States Miami Heat Bam Adebayo
85%
United States Phoenix Suns Devin Booker
85%
Serbia Denver Nuggets Nikola Jokic
85%
France San Antonio Spurs Victor Wembanyama
84%
United States Boston Celtics Derrick White
83%
Canada Oklahoma City Thunder Shai Gilgeous-Alexander
83%
United States Indiana Pacers Tyrese Haliburton
82%
United States Boston Celtics Jrue Holiday
79%
France Minnesota Timberwolves Rudy Gobert
75%
Japan Los Angeles Lakers Rui Hachimura
75%
Germany Orlando Magic Franz Wagner
74%
Germany Orlando Magic Moritz Wagner
74%
Australia Chicago Bulls Josh Giddey
70%
Serbia Atlanta Hawks Bogdan Bogdanovic
67%
Germany Brooklyn Nets Dennis Schroder
64%
Canada Denver Nuggets Jamal Murray
61%
France Los Angeles Clippers Nicolas Batum
57%
Canada Houston Rockets Dillon Brooks
54%
Serbia Miami Heat Nikola Jovic
52%
Canada Minnesota Timberwolves Nickeil Alexander-Walker
51%
Puerto Rico New Orleans Pelicans Jose Alvarado
48%
Canada Toronto Raptors RJ Barrett
47%
Australia Miami Heat Patty Mills
46%
France Washington Wizards Bilal Coulibaly
45%
Canada Oklahoma City Thunder Luguentz Dort
45%
Australia Atlanta Hawks Dyson Daniels
40%
Spain Memphis Grizzlies Santi Aldama
40%
Australia Charlotte Hornets Josh Green
37%
Canada Indiana Pacers Andrew Nembhard
34%
Germany New Orleans Pelicans Daniel Theis
33%
Canada Dallas Mavericks Dwight Powell
32%
Canada Toronto Raptors Kelly Olynyk
31%
Australia Dallas Mavericks Dante Exum
30%
Australia Houston Rockets Jock Landale
26%
Serbia Charlotte Hornets Vasilije Micic
26%
Australia Minnesota Timberwolves Joe Ingles
25%
Brazil Golden State Warriors Gui Santos
24%
Canada Sacramento Kings Trey Lyles
20%
South Sudan Charlotte Hornets JT Thor
18%
Australia Portland Trail Blazers Duop Reath
16%
Spain Golden State Warriors Usman Garuba
14%
No matching quizzes found
Score Distribution
Percent of People with Each Score
Percentile by Number Answered
Your Score History
You have not taken this quiz since the last reset